000 00983nam a22003017a 4500
001 BR8903471
003 BR-BrBNA
005 20230928093251.0
007 ta
008 230509b bl.||||| |||| 00| 0 por d
040 _aBR-BrBNA
_bpor
_cBiblioteca Nacional de Agricultura
041 _a(Por)
072 _aF03; F06
_b0150
_b3575
_b/G514
090 _ 0150 BR8903471
100 1 _aOliveira, M.L. de
110 1 _aEscola Superior de Agricultura de Lavras, MG (Brasil)
_0Tese (Mestrado)
245 1 _aAvaliacao da qualidade fisica, fisiologica e sanitaria das sementes de arroz (Oryza sativa L.)produzidas em regime de irrigacao no Estado de Minas Gerais
260 3 _aLavras, MG (Brasil):
_c1988.
300 _a48 p.
500 _aSummaries (Eng, Por); 33 ref.; 14 tables
650 _aARROZ IRRIGADO
650 _aSEMENTE
650 _aTESTE DE VIGOR
650 _aPODER GERMINATIVO
650 _aMINAS GERAIS
909 _a202309
_bLucia
_c55
_dLucia Elande
942 _cBK
999 _c43975
_d43975